Statistiques concernant Carré ?

Cliquez ici pour prendre le quiz!

Statistiques générales

  • Ce quiz a été pris 68 fois
  • Le résultat moyen est 4 sur 5

Statistiques - réponses

HintRéponse% Correct
10010
100%
93
100%
366
100%
648
100%
819
100%
11
94%
497
94%
44121
91%
22515
90%
14412
88%
164
88%
42
87%
28917
83%
25616
79%
12111
75%
40020
75%
62525
75%
19614
73%
255
73%
52923
71%
16913
60%
32418
60%
57624
60%
48422
50%
36119
38%

Distribution des résultats

Percentile par nombre de réponses

% des personnes avec chaque résultat

Votre développement - résultats

Vous n’avez pas pris ce quiz